| 000 | 01120nam a2200313 i 4500 | ||
|---|---|---|---|
| 999 |
_c68594 _d68594 |
||
| 001 | 68594 | ||
| 003 | Mx-PuUPA | ||
| 005 | 20220302075457.0 | ||
| 008 | 180719s2020 cauao fr 001 0 eng d | ||
| 020 | _a9781506369594 | ||
| 040 |
_aMx-PuUPA _bspa _cMx-PuUPA _dMx-PuUPA _erda |
||
| 041 | 0 | _aeng | |
| 050 | 0 | 0 |
_aHF5718 _b.Q56 2020 |
| 100 | 1 |
_aQuintanilla, Kelly M., _eautor _911377 |
|
| 245 | 1 | 0 |
_aBusiness and professional communication : _bkeys for workplace excellence / _cKelly M. Quintanilla, Shawn T. Wahl. |
| 250 | _aFourth edition | ||
| 264 | 3 | 1 |
_aLos Angeles : _bSAGE, _c©2020 |
| 300 |
_axxxii, 424 páginas : _bilustraciones, fotografías ; _c26 cm |
||
| 336 |
_atext _btxt _2rdacontent |
||
| 337 |
_asin medio _bn _2rdamedia |
||
| 338 |
_avolumen _bnc _2rdacarrier |
||
| 650 | 1 | 4 | _aComunicación en negocios |
| 650 | 1 | 4 |
_aNegocios _xComunicación _xEstudio y enseñanza |
| 700 | 1 |
_aWahl, Shawn T., _eautor |
|
| 942 |
_2ddc _cLI _h658.45 _iQ78 |
||